[Event "Qingdao SCO Teams 5th"]
[Site "Qingdao"]
[Date "2023.12.17"]
[Round "4.10"]
[White "Thapa, Krishna"]
[Black "Wei, Yi"]
[Result "0-1"]
[WhiteElo "1944"]
[BlackElo "2729"]
[PlyCount "86"]
[EventDate "2023.12.17"]
[EventType "team-tourn (rapid)"]
[EventRounds "9"]
[EventCountry "CHN"]
[SourceTitle "CB52_2023"]
[SourceDate "2023.12.27"]
[SourceVersion "1"]
[SourceVersionDate "2023.12.27"]
[SourceQuality "1"]
[WhiteTeam "Nepal"]
[BlackTeam "China"]
[WhiteTeamCountry "NEP"]
[BlackTeamCountry "CHN"]

1. d4 g6 2. c4 Bg7 3. Nc3 d6 4. g3 Nf6 5. Bg2 0-0 6. Nf3 Nc6 7. 0-0 e5 8. dxe5 dxe5 9. Bg5 Be6 10. Nd5 Bxd5 11. cxd5 Qxd5 12. Qxd5 Nxd5 13. Nxe5 Nxe5 14. Bxd5 c6 15. Bg2 Nc4 16. Rab1 Bxb2 17. Rfd1 Rab8 18. Rd7 Nb6 19. Re7 Ba3 20. Re3 Bc5 21. Rc3 Bd6 22. e4 Rfe8 23. Be3 Bc7 24. a4 Nxa4 25. Ra3 b5 26. Bxa7 Ra8 27. Be3 Rac8 28. Bh3 Rcd8 29. Rc1 c5 30. Rb3 b4 31. Bxc5 Nxc5 32. Rxc5 Rd1+ 33. Kg2 Bd6 34. Rd5 Rxd5 35. exd5 Re5 36. Rd3 Re2 37. Kf3 Rc2 38. Bf1 f5 39. h4 Kf7 40. Be2 Kf6 41. Bd1 Rb2 42. Re3 Be5 43. Bb3 Bd4 0-1

[Event "Asia-ch Amateur"]
[Site "Muscat"]
[Date "2022.09.30"]
[Round "2"]
[White "Takenouchi, Atsushi"]
[Black "Thapa, Krishna"]
[Result "0-1"]
[WhiteElo "1629"]
[BlackElo "1928"]
[PlyCount "92"]
[EventDate "2022.09.29"]
[EventType "swiss"]
[EventRounds "9"]
[EventCountry "OMN"]
[SourceTitle "CBM 210 Extra"]
[Source "ChessBase"]
[SourceDate "2022.11.30"]
[SourceVersion "1"]
[SourceVersionDate "2022.11.30"]
[SourceQuality "1"]

1. d4 Nf6 2. c4 g6 3. Nf3 Bg7 4. Nc3 d5 5. cxd5 Nxd5 6. e4 Nxc3 7. bxc3 c5 8. Be3 0-0 9. Qb3 cxd4 10. cxd4 Nc6 11. Rd1 Bg4 12. e5 b6 13. a4 Rc8 14. Be2 Na5 15. Qa2 Bf5 16. Bd3 Be6 17. Qe2 Bb3 18. Ra1 Qd7 19. Bb5 Qg4 20. 0-0 Bc4 21. Bxc4 Nxc4 22. Qe1 Qd7 23. Nd2 Na5 24. Qd1 Qd5 25. Qf3 Qd7 26. h4 Rc3 27. Ne4 Rc4 28. h5 h6 29. hxg6 fxg6 30. Qg3 Qf5 31. Nd2 Rc3 32. Rfc1 Rfc8 33. Rxc3 Rxc3 34. Qh4 g5 35. Qh5 Qf7 36. Qg4 Qd5 37. Qf5 Rc7 38. Qg6 Qf7 39. Qe4 Qe6 40. Qa8+ Qc8 41. Qe4 Qe6 42. Qa8+ Kh7 43. Qe8 Rc8 44. Qh5 Qg6 45. Qh3 e6 46. Nf3 g4 0-1

[Event "Hetauda Metropolitan-ch U21"]
[Site "Hetauda"]
[Date "2021.03.25"]
[Round "3"]
[White "Thapa, Krishna"]
[Black "Jaiswal, Rupesh"]
[Result "0-1"]
[WhiteElo "1977"]
[BlackElo "2115"]
[PlyCount "81"]
[EventDate "2021.03.24"]
[EventType "swiss"]
[EventRounds "7"]
[EventCountry "NEP"]
[SourceTitle "EXT 2022"]
[Source "ChessBase"]
[SourceDate "2021.10.06"]
[SourceVersion "1"]
[SourceVersionDate "2021.10.06"]
[SourceQuality "1"]

1. d4 Nf6 2. c4 g6 3. g3 Bg7 4. Bg2 d6 5. Nf3 0-0 6. Nc3 a6 7. 0-0 Nc6 8. d5 Na5 9. b3 c5 10. Bb2 Rb8 11. a4 Bd7 12. Nd2 b5 13. axb5 axb5 14. cxb5 Bxb5 15. Nxb5 Rxb5 16. Bc3 Nd7 17. Bxg7 Kxg7 18. Qc2 Qb6 19. Ra3 Rb8 20. Nc4 Nxc4 21. bxc4 Rb2 22. Qc3+ Kg8 23. Bh3 Nf6 24. Qe3 Kg7 25. Rfa1 Rb7 26. Kg2 Rb3 27. Qc1 Qb4 28. Bc8 Rb8 29. Bh3 Rb7 30. Bc8 Rb8 31. Bh3 h6 32. Rxb3 Qxb3 33. Ra3 Qb2 34. Qe3 Qc2 35. Qd3 Rb2 36. Kf3 g5 37. Bf1 Qc1 38. Kg2 Rb1 39. e3 Rb2 40. Kg1 Qe1 41. Qf5 0-1

[Event "BAN-chT"]
[Site "Dhaka"]
[Date "2019.12.12"]
[Round "6.5"]
[White "Thapa, Krishna"]
[Black "Reefat, Bin Sattar"]
[Result "0-1"]
[WhiteElo "1958"]
[BlackElo "2417"]
[PlyCount "96"]
[EventDate "2019.12.07"]
[EventType "team-tourn"]
[EventRounds "11"]
[EventCountry "BAN"]
[SourceTitle "CBM 193 Extra"]
[Source "ChessBase"]
[SourceDate "2020.01.31"]
[SourceVersion "1"]
[SourceVersionDate "2020.01.31"]
[SourceQuality "1"]
[WhiteTeam "Sonali Bank Sports"]
[BlackTeam "Saif Sporting Club"]
[WhiteTeamCountry "BAN"]
[BlackTeamCountry "BAN"]

1. d4 e6 2. Nf3 c5 3. c4 cxd4 4. Nxd4 a6 5. g3 Qc7 6. b3 b5 7. cxb5 Qb7 8. f3 axb5 9. e3 b4 10. Nb5 Nf6 11. Bb2 Be7 12. a4 0-0 13. Nd2 d5 14. Rc1 Nc6 15. Bd3 Qb6 16. Kf2 e5 17. Kg2 Bb7 18. e4 Rad8 19. Qe2 dxe4 20. Nxe4 Nd5 21. Rhe1 Nd4 22. Bxd4 exd4 23. a5 Qxa5 24. Ra1 Qb6 25. Qf2 Ne3+ 26. Kh1 f5 27. Nd2 Bg5 28. h4 Ng4 29. Qg2 Bxd2 30. Qxd2 Bxf3+ 31. Kg1 f4 32. Re7 Ra8 33. Rc1 fxg3 34. Qg5 Qf6 35. Qxf6 Nxf6 36. Nxd4 Bd5 37. Nf5 Nh5 38. Re5 Bf7 39. Ne7+ Kh8 40. Be4 Ra2 41. Rf1 Nf6 42. Nd5 Bxd5 43. Bxd5 Rd8 44. h5 Ra5 45. h6 Raxd5 46. hxg7+ Kxg7 47. Re7+ Kg6 48. Re6 Rf5 0-1

[Event "BAN-chT"]
[Site "Dhaka"]
[Date "2019.12.10"]
[Round "4.6"]
[White "Thapa, Krishna"]
[Black "Kulkarni, Rakesh"]
[Result "1-0"]
[WhiteElo "1958"]
[BlackElo "2334"]
[PlyCount "84"]
[EventDate "2019.12.07"]
[EventType "team-tourn"]
[EventRounds "11"]
[EventCountry "BAN"]
[SourceTitle "CBM 193 Extra"]
[Source "ChessBase"]
[SourceDate "2020.01.31"]
[SourceVersion "1"]
[SourceVersionDate "2020.01.31"]
[SourceQuality "1"]
[WhiteTeam "Sonali Bank Sports"]
[BlackTeam "Sheikh Russel"]
[WhiteTeamCountry "BAN"]
[BlackTeamCountry "BAN"]

1. d4 Nf6 2. Nf3 e6 3. c4 c5 4. g3 cxd4 5. Nxd4 d5 6. Bg2 e5 7. Nf3 d4 8. 0-0 Nc6 9. e3 d3 10. Nbd2 Bg4 11. Qa4 Qd7 12. a3 Bd6 13. b4 0-0 14. b5 Ne7 15. Bb2 Ng6 16. c5 Bc7 17. Rfc1 Rfe8 18. c6 bxc6 19. Rxc6 Bb6 20. Nxe5 Nxe5 21. Bxe5 Nd5 22. Rd6 Rxe5 23. Rxd7 Bxd7 24. Qb3 Be6 25. Qxd3 Rd8 26. Nc4 Nxe3 27. Qxd8+ Bxd8 28. Nxe5 Nc2 29. Rd1 Bb6 30. a4 Bb3 31. Bd5 Bxa4 32. Bxf7+ Kf8 33. Bc4 Nd4 34. Re1 Ke7 35. Nc6+ Kd6 36. Nxd4 Bxd4 37. Bd3 h6 38. Rc1 Bb3 39. Rc6+ Kd5 40. Rc8 Bb6 41. Kf1 Bd4 42. Ke2 Bf6 1-0

[Event "Dhaka Saarc op"]
[Site "Dhaka"]
[Date "2019.11.29"]
[Round "5"]
[White "Mezanur, Rahman"]
[Black "Thapa, Krishna"]
[Result "0-1"]
[WhiteElo "1809"]
[BlackElo "1916"]
[PlyCount "34"]
[EventDate "2019.11.25"]
[EventType "swiss"]
[EventRounds "9"]
[EventCountry "BAN"]
[SourceTitle "CBM 193 Extra"]
[Source "ChessBase"]
[SourceDate "2020.01.31"]
[SourceVersion "1"]
[SourceVersionDate "2020.01.31"]
[SourceQuality "1"]

1. e4 c5 2. Nf3 e6 3. d4 cxd4 4. Nxd4 Nc6 5. Nc3 Nf6 6. Nxc6 bxc6 7. e5 Nd5 8. Ne4 Qc7 9. f4 Qb6 10. a3 Ne3 11. Qd2 Nxf1 12. Rxf1 Be7 13. Nd6+ Bxd6 14. Qxd6 Ba6 15. Rf2 0-0-0 16. Bd2 f6 17. 0-0-0 Qxf2 0-1

[Event "Budha Bhandari Memorial"]
[Site "Budhanilkantha"]
[Date "2019.11.11"]
[Round "4"]
[White "Lama, Surbir"]
[Black "Thapa, Krishna"]
[Result "1/2-1/2"]
[WhiteElo "2014"]
[BlackElo "1916"]
[PlyCount "46"]
[EventDate "2019.11.09"]
[EventType "swiss"]
[EventRounds "9"]
[EventCountry "NEP"]
[SourceTitle "CBM 193 Extra"]
[Source "ChessBase"]
[SourceDate "2020.01.31"]
[SourceVersion "1"]
[SourceVersionDate "2020.01.31"]
[SourceQuality "1"]

1. e4 c5 2. Nf3 e6 3. d4 cxd4 4. Nxd4 Nc6 5. Nb5 d6 6. c4 a6 7. N5c3 Nf6 8. Be2 Be7 9. Be3 0-0 10. 0-0 b6 11. Nd2 Bb7 12. Qb3 Nd7 13. Na4 Na5 14. Qc2 Rc8 15. Nc3 Qc7 16. Rac1 Bf6 17. Qb1 Qb8 18. Rfd1 Rfd8 19. Bf1 Nc6 20. Nf3 Ba8 21. Ne2 Nde5 22. Ng3 g6 23. b3 h5 1/2-1/2

[Event "Budha Bhandari Memorial"]
[Site "Budhanilkantha"]
[Date "2019.11.10"]
[Round "3"]
[White "Subba, Tirtha Raj"]
[Black "Thapa, Krishna"]
[Result "0-1"]
[WhiteElo "1810"]
[BlackElo "1916"]
[PlyCount "60"]
[EventDate "2019.11.09"]
[EventType "swiss"]
[EventRounds "9"]
[EventCountry "NEP"]
[SourceTitle "CBM 193 Extra"]
[Source "ChessBase"]
[SourceDate "2020.01.31"]
[SourceVersion "1"]
[SourceVersionDate "2020.01.31"]
[SourceQuality "1"]

1. d4 Nf6 2. c4 g6 3. Nf3 Bg7 4. Nc3 c5 5. g3 cxd4 6. Nxd4 Nc6 7. Bg2 0-0 8. 0-0 Nxd4 9. Qxd4 d6 10. Qd3 Bf5 11. e4 Bd7 12. Bg5 Ng4 13. Rac1 h6 14. Be3 Ne5 15. Qe2 Qc8 16. Nd5 Qd8 17. c5 e6 18. Nf4 dxc5 19. Bxc5 Re8 20. Rfd1 Qa5 21. b4 Qa4 22. Rd2 Bb5 23. Qd1 Qa6 24. Bd4 Nc4 25. Bxg7 Nxd2 26. Bxh6 Rad8 27. Bg5 Rd7 28. Qg4 Qa3 29. Rd1 Qc3 30. Nd5 exd5 0-1

[Event "Mumbai Wealth op 4th"]
[Site "Mumbai"]
[Date "2019.01.05"]
[Round "7"]
[White "Thapa, Krishna"]
[Black "Mrudul, Dehankar"]
[Result "0-1"]
[WhiteElo "2024"]
[BlackElo "2199"]
[PlyCount "104"]
[EventDate "2018.12.30"]
[EventType "swiss"]
[EventRounds "9"]
[EventCountry "IND"]
[SourceTitle "CBM 188 Extra"]
[Source "ChessBase"]
[SourceDate "2019.02.26"]
[SourceVersion "1"]
[SourceVersionDate "2019.02.26"]
[SourceQuality "1"]

1. d4 Nf6 2. Nf3 e6 3. c4 Bb4+ 4. Nc3 b6 5. g3 Bb7 6. Bg2 0-0 7. 0-0 Bxc3 8. bxc3 d6 9. Bf4 Nbd7 10. Qd2 Qc8 11. a4 a5 12. Rfe1 Re8 13. Qc2 e5 14. Bg5 Be4 15. Qb3 h6 16. Bc1 Nf8 17. Ba3 Ng6 18. dxe5 dxe5 19. c5 Rb8 20. cxb6 Rxb6 21. Qa2 Qb7 22. Red1 Qc6 23. Qd2 Rb3 24. c4 Ra8 25. Qa2 Rbb8 26. Bb2 Re8 27. Rac1 Nd7 28. c5 Nf6 29. Ne1 Bxg2 30. Nxg2 Rab8 31. Ba1 Rb4 32. Rc4 Qe6 33. Ne3 Ng4 34. Nd5 Rd8 35. Rxb4 axb4 36. c6 Kh8 37. Qc4 Ne7 38. e4 f5 39. Qxb4 fxe4 40. Nc3 Rxd1+ 41. Nxd1 Qd5 42. Nc3 Qd2 43. Qb2 Qe1+ 44. Kg2 e3 45. fxe3 Nxe3+ 46. Kf3 N7f5 47. Qb8+ Kh7 48. Qb1 Qd2 49. Ne2 Qd5+ 50. Qe4 Qd1 51. Qxe5 Qh1+ 52. Kf4 g5# 0-1

[Event "Asia zt 3.2"]
[Site "Colombo"]
[Date "2013.02.07"]
[Round "7"]
[White "Thapa, Krishna"]
[Black "Priyankara, Chamil Y"]
[Result "0-1"]
[WhiteElo "2040"]
[BlackElo "1960"]
[PlyCount "51"]
[EventDate "2013.02.03"]
[EventType "swiss"]
[EventRounds "9"]
[EventCountry "SRI"]
[SourceTitle "CBM 153 Extra"]
[Source "ChessBase"]
[SourceDate "2013.04.22"]
[SourceVersion "1"]
[SourceVersionDate "2013.04.22"]
[SourceQuality "1"]

1. d4 Nf6 2. Nf3 d5 3. g3 c5 4. c4 cxd4 5. Bg2 Nc6 6. Nxd4 e6 7. 0-0 Be7 8. Nc3 0-0 9. Bf4 a6 10. Qd2 Nxd4 11. Qxd4 dxc4 12. Qxc4 b5 13. Qb3 Ra7 14. Rac1 Bb7 15. Rfd1 Qa8 16. Bh3 Nd5 17. Nxd5 Bxd5 18. Qe3 Rd7 19. Be5 Rfd8 20. a3 Bc4 21. Rxd7 Rxd7 22. b3 Bd5 23. Bb2 Qd8 24. Bg2 h6 25. h4 Bxg2 26. Kxg2 0-1

[Event "AUS-ch Major"]
[Site "Cammeray"]
[Date "2010.01.10"]
[Round "8"]
[White "Wang, Oscar Miao"]
[Black "Thapa, Krishna"]
[Result "1-0"]
[WhiteElo "1748"]
[BlackElo "1977"]
[PlyCount "75"]
[EventDate "2010.01.02"]
[EventType "swiss"]
[EventRounds "11"]
[EventCountry "AUS"]
[SourceTitle "EXT 2011"]
[Source "ChessBase"]
[SourceDate "2010.11.26"]
[SourceVersion "1"]
[SourceVersionDate "2010.11.26"]
[SourceQuality "1"]

1. e4 c5 2. Nf3 a6 3. d4 cxd4 4. Nxd4 Qc7 5. Nc3 e6 6. Be2 Nf6 7. 0-0 Bb4 8. Qd3 d6 9. a3 Bxc3 10. bxc3 Nbd7 11. f3 Ne5 12. Qe3 0-0 13. Bd2 Bd7 14. Bd3 Nc4 15. Bxc4 Qxc4 16. Kh1 Ba4 17. Rfb1 b5 18. Re1 Rfd8 19. Qd3 Rac8 20. Re3 Nd7 21. Ree1 Ne5 22. Qe2 Qc7 23. Rec1 Nc4 24. Be1 d5 25. exd5 exd5 26. Qd3 Qe7 27. Bf2 g6 28. Re1 Qf8 29. Re2 Re8 30. Rae1 Rxe2 31. Rxe2 Qxa3 32. Be1 Qc1 33. Nb3 Qb1 34. Nd4 Nb2 35. Qd2 Nc4 36. Qg5 Qd1 37. Qf6 Qc1 38. Nc6 1-0

[Event "Mumbai Mayors Cup 1st"]
[Site "Mumbai"]
[Date "2008.05.19"]
[Round "11"]
[White "Akshat, Khamparia"]
[Black "Thapa, Krishna"]
[Result "1-0"]
[WhiteElo "2287"]
[BlackElo "2147"]
[PlyCount "95"]
[EventDate "2008.05.11"]
[EventType "swiss"]
[EventRounds "11"]
[EventCountry "IND"]
[SourceTitle "CBM 124 Extra"]
[Source "ChessBase"]
[SourceDate "2008.07.03"]
[SourceVersion "1"]
[SourceVersionDate "2008.07.03"]
[SourceQuality "1"]

1. d4 Nf6 2. Bg5 Ne4 3. Bf4 d5 4. e3 e6 5. Bd3 Bb4+ 6. c3 Bd6 7. Bxd6 cxd6 8. Bxe4 dxe4 9. Qg4 0-0 10. Qxe4 Nd7 11. Ne2 Rb8 12. 0-0 b6 13. Nd2 Ba6 14. Rfe1 Bb7 15. Qd3 Qh4 16. e4 f5 17. Qg3 Qh6 18. Qf4 Qxf4 19. Nxf4 fxe4 20. Nxe6 Rf6 21. Ng5 d5 22. f3 h6 23. Nh3 Re8 24. Re3 g5 25. Rae1 Rfe6 26. Nf2 Nf6 27. fxe4 dxe4 28. c4 Kg7 29. d5 Re5 30. Nfxe4 Kg6 31. R3e2 Ba6 32. Nc3 Rxe2 33. Rxe2 Rxe2 34. Nxe2 Nxd5 35. cxd5 Bxe2 36. Kf2 Ba6 37. Ke3 Kf5 38. Kd4 h5 39. a4 h4 40. b4 g4 41. g3 hxg3 42. hxg3 Kf6 43. Ne4+ Ke7 44. Ke5 Bc8 45. Nf6 a6 46. a5 bxa5 47. bxa5 Kd8 48. d6 1-0

[Event "Mumbai Mayors Cup 1st"]
[Site "Mumbai"]
[Date "2008.05.15"]
[Round "7"]
[White "Roy Chowdhury, Saptarshi"]
[Black "Thapa, Krishna"]
[Result "1-0"]
[WhiteElo "2434"]
[BlackElo "2147"]
[PlyCount "71"]
[EventDate "2008.05.11"]
[EventType "swiss"]
[EventRounds "11"]
[EventCountry "IND"]
[SourceTitle "CBM 124 Extra"]
[Source "ChessBase"]
[SourceDate "2008.07.03"]
[SourceVersion "1"]
[SourceVersionDate "2008.07.03"]
[SourceQuality "1"]

1. e4 c5 2. Nf3 d6 3. Bc4 e6 4. 0-0 Nf6 5. d3 Be7 6. Bb3 0-0 7. c3 Nc6 8. Re1 Qc7 9. d4 cxd4 10. cxd4 e5 11. d5 Na5 12. Bc2 Bg4 13. Nbd2 b6 14. Bd3 Nb7 15. Nf1 Nc5 16. Ng3 Nxd3 17. Qxd3 Rac8 18. h3 Bd7 19. Bd2 Qc4 20. Qa3 h5 21. Rac1 Qb5 22. Bg5 a5 23. Bxf6 gxf6 24. Nxh5 Kh7 25. Ng3 Rg8 26. Nh4 Rc5 27. Nhf5 Bxf5 28. Nxf5 Bf8 29. Qf3 Rg6 30. Rxc5 Qxc5 31. Qc3 Qb5 32. b3 Kg8 33. Qc4 Qd7 34. Rc1 Rg5 35. Qc6 Qa7 36. Qe8 1-0

[Event "Mumbai Mayors Cup 1st"]
[Site "Mumbai"]
[Date "2008.05.13"]
[Round "4"]
[White "Thapa, Krishna"]
[Black "Nitin, Senthilvel"]
[Result "1/2-1/2"]
[WhiteElo "2147"]
[BlackElo "2296"]
[PlyCount "94"]
[EventDate "2008.05.11"]
[EventType "swiss"]
[EventRounds "11"]
[EventCountry "IND"]
[SourceTitle "CBM 124 Extra"]
[Source "ChessBase"]
[SourceDate "2008.07.03"]
[SourceVersion "1"]
[SourceVersionDate "2008.07.03"]
[SourceQuality "1"]

1. d4 Nf6 2. Nf3 g6 3. g3 Bg7 4. Bg2 0-0 5. 0-0 d6 6. c4 Nc6 7. Nc3 a6 8. h3 Rb8 9. e4 e5 10. dxe5 dxe5 11. Qxd8 Rxd8 12. Bg5 Rf8 13. Rfd1 Be6 14. b3 h6 15. Be3 Rfd8 16. Rac1 Ne8 17. Nd5 f5 18. Nh4 Kf7 19. exf5 gxf5 20. Bf3 Rd7 21. Bh5+ Kg8 22. Bg6 f4 23. gxf4 Nd4 24. Bxd4 exd4 25. Re1 Bf7 26. Bf5 Rd6 27. Ne7+ Kf8 28. Nhg6+ Bxg6 29. Nxg6+ Kg8 30. c5 Rf6 31. Bd3 Bf8 32. f5 Ng7 33. Re5 Rc6 34. b4 Rd8 35. Rce1 b6 36. Nxf8 Kxf8 37. R5e4 h5 38. Kf1 a5 39. a3 axb4 40. axb4 Rf6 41. Rf4 bxc5 42. bxc5 Rd7 43. Bc4 Re7 44. Rxe7 Kxe7 45. Re4+ Kf8 46. Be6 Nxf5 47. Bxf5 Rxf5 1/2-1/2